| 000 | 00651nam a2200217 a 4500 | ||
|---|---|---|---|
| 005 | 20220622063629.0 | ||
| 008 | 140620s2005 mx r 000 0 spa d | ||
| 020 | _a8497951913 | ||
| 035 | _aUPN01000198159 | ||
| 049 | _aI | ||
| 050 | 4 |
_aPZ76.3 _bG4.8 |
|
| 100 | 1 |
_aGhergo, Pedro _935744 |
|
| 245 | 1 | 4 |
_aLas tres ovejitas : _b¡queremos nuestra lana! / _cPedro Ghergo ; il. Alejandro Agdamus. |
| 260 |
_aValencia, Esp. : _bBrosquil, _c2005. |
||
| 300 |
_a[25] p. : _bil. col. |
||
| 440 | 0 | _aLibros del zorro rojo | |
| 650 | 0 |
_aAnimales _vCuentos y leyendas _9234 |
|
| 650 | 4 |
_aCuentos infantiles _96744 |
|
| 905 | _aInfantil | ||
| 999 |
_c170260 _d170260 |
||